| 000 | 01864nam a22004814i 4500 | ||
|---|---|---|---|
| 999 |
_c64413 _d64413 |
||
| 001 | bimo0001254157 | ||
| 003 | SpMaBN | ||
| 005 | 20180821081726.0 | ||
| 008 | 960702s1979 sp spa | ||
| 017 |
_aNA 1084-1979 _bOficina Depósito Legal Navarra |
||
| 020 | _a8471512572 | ||
| 040 |
_aSpMaBN _bspa _cCO-MdFUSB _dCO-MdFUSBC _erda |
||
| 041 | 1 |
_aspa _hfre |
|
| 080 | 0 | _a243:299.219 | |
| 080 | 0 | _a243:299.31 | |
| 080 | 0 | _a299.219:243 | |
| 080 | 0 | _a299.31:243 | |
| 082 |
_223 _a299.3 _bOR63 |
||
| 240 | _aPrìeres de l'Ancient Orient | ||
| 245 | 0 | 0 |
_aOraciones del Antiguo Oriente _c/ Equipo Cahiers Evangile ; traductor Nicolás Darrícal |
| 264 | 1 |
_aNavarra, España : _bVerbo Divino, _c℗[1979] |
|
| 264 | 4 | _c©1979 | |
| 300 |
_a97 páginas ; _bilustraciones : _c19 cm |
||
| 336 |
_2rdacontent _atexto _btxt |
||
| 337 |
_2rdamedia _asin mediación _bn |
||
| 338 |
_2rdacarrier _avolumen _bnc |
||
| 490 | 1 | _aSuplementos a los Cuadernos bíblicos | |
| 490 | 0 | _aDocumentos en torno a la Biblia | |
| 505 |
_tIntroducción. -- _tl. Himnos y oraciones a los dioses de Mesopotamia. -- _tll. Himnos y oraciones a los dioses Hititas. -- _tlll. Himnos y oraciones a los dioses de UIarit. -- _tlV. Himnos y oraciones a los dioses de Egipto. |
||
| 563 | _aTapa rústica | ||
| 650 | 7 | _aOraciones | |
| 650 | 7 | _aReligión asirio-babilónica | |
| 650 | 7 | _aReligión egipcia | |
| 700 | 1 |
_aDarrícal, Nicolás _etraductor |
|
| 830 |
_aSuplementos a los Cuadernos bíblicos _vNo. 1 |
||
| 942 | _cBK | ||
| 956 | _a1 2 | ||
| 980 |
_aNA 1084-1979 _a84-7151-257-2 _aM-BN _bBNALCALA _jAHM/777339 _uProcede IBH _cSALA_ALC |
||
| 980 |
_aM-BN _bBNALCALA _jDL/251286 _cCONSERVACI |
||
| 980 |
_aM-BN _bBNMADRID _jVC/15776/9 _cSG_RECOLET |
||